| 000 | 01339nam a2200193 4500 | ||
|---|---|---|---|
| 001 | 1622 | ||
| 005 | 20230410121000.0 | ||
| 008 | 060907n1996 dr spa | ||
| 020 | _a2911347013 | ||
| 035 | _9funglode1630 | ||
| 041 | _aFR | ||
| 050 | 1 | 4 | _aJF 1081 D671s 1996 |
| 100 | _aDomínguez, Francis | ||
| 245 | 1 |
_aSur la corruption sous toutes ses formes : _bsommes nous tous corrompus / _cFrancis Domínguez |
|
| 260 |
_aParís : _bDu Guerrier Auto Existant Jaune, _c1996 |
||
| 300 | _a256 p. | ||
| 520 | _aTour d'horizon sommes nous tous corrompus, 21. -- Page d'histoire, 57. -- Définition de la corruption, 67. -- Le systéme et l'environnement juridique de la corruption en général, 69. -- La gestion des services publics, plus de sérieux, 70. -- Toutes les sortes de corruption, existantes, 79. -- De la corruption passive des fonctionnaires publics, 97. -- Prise illégale d'intéret et du délit d'ingénerence, 137. -- Du délit d'ingérence commis par un maire, un adjoint ou un conseiller municipal, 165. -- De la corruption des salariés des sociétés privées, 193. -- De la cincussion, 205. -- Apartheid sur un H.L.M. attribué un certain Elu, 219. -- La prescription de tout délit de corruption, 227. -- Un mot sur le service central de prévention de la corruption, LES.C.P.C., 231 | ||
| 942 |
_2lcc _cbk |
||
| 999 |
_c55613 _d55613 |
||